[Event "Steinfurt Bezirksliga 1415"]
[Site "Germany"]
[Date "2014.11.08"]
[Round "3.1"]
[White "Van Dijk, Guido"]
[Black "Topp, Michael"]
[Result "0-1"]
[WhiteElo "1720"]
[BlackElo "2014"]
[PlyCount "64"]
[EventDate "2014.09.06"]
[EventType "team-tourn"]
[EventRounds "9"]
[EventCountry "GER"]
[SourceTitle "EXT 2016"]
[Source "ChessBase"]
[SourceDate "2015.10.08"]
[SourceVersion "1"]
[SourceVersionDate "2015.10.08"]
[SourceQuality "1"]
[WhiteTeam "Rheine Klein Berlin II"]
[BlackTeam "Emsdetten Turm III"]
[WhiteTeamCountry "GER"]
[BlackTeamCountry "GER"]

1. d4 Nf6 2. Bf4 g6 3. h3 Bg7 4. c3 0-0 5. Nf3 d6 6. e3 c5 7. dxc5 dxc5 8. Qxd8 Rxd8 9. Bc4 Nc6 10. 0-0 a6 11. Bc7 Re8 12. Bb6 Nd7 13. Bc7 b5 14. Bd5 Bb7 15. a4 b4 16. Rd1 Rec8 17. Bxf7+ Kxf7 18. Rxd7 Ke8 19. Rd2 Rxc7 20. Ng5 Bf6 21. Ne6 Rd7 22. Rxd7 Kxd7 23. Nxc5+ Kc7 24. cxb4 Bxb2 25. Ra2 Bf6 26. Rd2 Bc8 27. Na3 Nxb4 28. Ne4 Bf5 29. Nxf6 exf6 30. Rd4 Nc6 31. Rc4 Rb8 32. e4 Be6 0-1

[Event "Muensterland op 31st"]
[Site "Senden"]
[Date "2013.10.27"]
[Round "2"]
[White "Topp, Michael"]
[Black "Molinaroli, Martin"]
[Result "0-1"]
[WhiteElo "2082"]
[BlackElo "2289"]
[PlyCount "84"]
[EventDate "2013.10.27"]
[EventType "swiss"]
[EventRounds "9"]
[EventCountry "GER"]
[SourceTitle "EXT 2014"]
[Source "ChessBase"]
[SourceDate "2013.11.20"]
[SourceVersion "1"]
[SourceVersionDate "2013.11.20"]
[SourceQuality "1"]

1. c4 g6 2. g3 Bg7 3. Bg2 Nf6 4. Nc3 0-0 5. Nf3 d6 6. 0-0 c6 7. d3 a6 8. Bg5 h6 9. Bd2 c5 10. d4 Nc6 11. dxc5 dxc5 12. Qc1 Kh7 13. Rd1 Bd7 14. Nd5 Nxd5 15. cxd5 Nd4 16. Nxd4 cxd4 17. Bb4 a5 18. Be1 Ba4 19. Rd2 Qd7 20. b3 Bb5 21. a4 Rfc8 22. Qd1 Ba6 23. Rc1 e6 24. Rxc8 Rxc8 25. Be4 e5 26. Bg2 f5 27. e4 dxe3 28. fxe3 e4 29. g4 f4 30. Bxe4 fxe3 31. Rg2 Qd6 32. g5 e2 33. Rxe2 Bxe2 34. Qxe2 Bd4+ 35. Kg2 Re8 36. Qc2 hxg5 37. Bxa5 Be5 38. Bb4 Qf6 39. Bd2 Rf8 40. Qd3 Qf2+ 41. Kh3 Qxh2+ 42. Kg4 Qh4# 0-1

[Event "BL2-West 1213"]
[Site "Germany"]
[Date "2012.11.25"]
[Round "3.7"]
[White "Topp, Michael"]
[Black "Schlick, Volker"]
[Result "0-1"]
[WhiteElo "2093"]
[BlackElo "2332"]
[PlyCount "116"]
[EventDate "2012.10.14"]
[EventType "team-tourn"]
[EventRounds "9"]
[EventCountry "GER"]
[SourceTitle "CBM 154 Extra"]
[Source "ChessBase"]
[SourceDate "2013.06.25"]
[SourceVersion "2"]
[SourceVersionDate "2013.06.25"]
[SourceQuality "1"]
[WhiteTeam "Emsdetten Turm II"]
[BlackTeam "Koblenz"]
[WhiteTeamCountry "GER"]
[BlackTeamCountry "GER"]

1. c4 Nf6 2. g3 d5 3. cxd5 Nxd5 4. Bg2 Nf6 5. Nc3 g6 6. d3 Bg7 7. Bg5 c6 8. Qd2 h6 9. Be3 Nd5 10. Nxd5 cxd5 11. d4 Nc6 12. Nf3 Bg4 13. Ne5 Nxe5 14. dxe5 Be6 15. Bd4 h5 16. Rd1 Qd7 17. Bc3 Rd8 18. Qd4 b6 19. e4 dxe4 20. Qxd7+ Bxd7 21. Bxe4 0-0 22. 0-0 Be6 23. Kg2 Rc8 24. Bd5 Bg4 25. f3 Bf5 26. Bb3 Rc7 27. Rfe1 g5 28. Rd2 e6 29. Red1 g4 30. f4 Kh7 31. Rd7 Rfc8 32. Rxc7 Rxc7 33. Rd8 Kg6 34. Ba4 h4 35. gxh4 Rc4 36. h5+ Kxh5 37. Be8 Bg6 38. Rd4 Rc8 39. Bb5 Bf8 40. Kg3 Be7 41. Rd7 Bh4+ 42. Kg2 Rd8 43. Rxd8 Be4+ 44. Kg1 Bxd8 45. Be2 Be7 46. b4 Bf3 47. Bd3 Bh4 48. Bd2 g3 49. a4 Kg4 50. Be3 gxh2+ 51. Kxh2 Bg3+ 52. Kg1 Bxf4 53. Bd4 Bd2 54. a5 Bxb4 55. axb6 axb6 56. Bxb6 Bc3 57. Bh7 Kf4 58. Kf2 Bh5 0-1

[Event "Oberliga NRW 1112"]
[Site "Germany"]
[Date "2012.03.04"]
[Round "7.8"]
[White "Topp, Michael"]
[Black "Sponheim, Olaf"]
[Result "1/2-1/2"]
[WhiteElo "2027"]
[BlackElo "2213"]
[PlyCount "51"]
[EventDate "2011.09.18"]
[EventType "team-tourn"]
[EventRounds "9"]
[EventCountry "GER"]
[SourceTitle "EXT 2015"]
[Source "ChessBase"]
[SourceDate "2014.11.20"]
[SourceVersion "1"]
[SourceVersionDate "2014.11.20"]
[SourceQuality "1"]
[WhiteTeam "Emsdetten Turm II"]
[BlackTeam "Gerresheim"]
[WhiteTeamCountry "GER"]
[BlackTeamCountry "GER"]

1. c4 c5 2. g3 g6 3. Bg2 Bg7 4. Nc3 Nc6 5. Nf3 d6 6. 0-0 Nh6 7. d4 cxd4 8. Bxh6 Bxh6 9. Nxd4 Bd7 10. c5 Bg7 11. Nb3 Be6 12. cxd6 Bxc3 13. bxc3 Qxd6 14. Nd4 Nxd4 15. Qxd4 Qxd4 16. cxd4 0-0-0 17. Rfb1 Bd5 18. e4 Bc4 19. d5 Kb8 20. Rb4 Rc8 21. e5 b6 22. a4 Rhd8 23. a5 Bxd5 24. axb6 axb6 25. Rxb6+ Kc7 26. Rb2 1/2-1/2

[Event "Oberliga NRW 1112"]
[Site "Germany"]
[Date "2011.12.04"]
[Round "4.8"]
[White "Schlecht, Daniel"]
[Black "Topp, Michael"]
[Result "1/2-1/2"]
[WhiteElo "2330"]
[BlackElo "2027"]
[PlyCount "94"]
[EventDate "2011.09.18"]
[EventType "team-tourn"]
[EventRounds "9"]
[EventCountry "GER"]
[SourceTitle "EXT 2015"]
[Source "ChessBase"]
[SourceDate "2014.11.20"]
[SourceVersion "1"]
[SourceVersionDate "2014.11.20"]
[SourceQuality "1"]
[WhiteTeam "Solingen II"]
[BlackTeam "Emsdetten Turm II"]
[WhiteTeamCountry "GER"]
[BlackTeamCountry "GER"]

1. d4 Nf6 2. c4 g6 3. Nc3 d5 4. cxd5 Nxd5 5. e4 Nxc3 6. bxc3 Bg7 7. Nf3 c5 8. Rb1 Qa5 9. Rb5 Qxc3+ 10. Bd2 Qa3 11. Qc2 c4 12. Bxc4 Nc6 13. 0-0 a6 14. Rb3 Qd6 15. e5 Qd8 16. Qc3 0-0 17. d5 b5 18. dxc6 bxc4 19. Qxc4 Be6 20. Qc5 Qd5 21. Qxd5 Bxd5 22. Rc3 Rfc8 23. Rfc1 Bxf3 24. Rxf3 Bxe5 25. Rd3 Rd8 26. Rxd8+ Rxd8 27. Ba5 Rc8 28. c7 Kf8 29. g3 Ke8 30. Rc6 h5 31. Kf1 Kd7 32. Rxa6 Bd4 33. Ke2 Bc5 34. f3 h4 35. gxh4 Rh8 36. Kd3 Bd6 37. h3 Rh5 38. Ra8 Bxc7 39. Be1 Rf5 40. Ke2 Re5+ 41. Kf1 Re3 42. Kf2 Bb6 43. a4 Ra3+ 44. Ke2 Re3+ 45. Kf2 Ra3+ 46. Ke2 Re3+ 47. Kf2 Ra3+ 1/2-1/2

[Event "Oberliga NRW 1112"]
[Site "Germany"]
[Date "2011.10.09"]
[Round "2.8"]
[White "Kahleys, Kevin"]
[Black "Topp, Michael"]
[Result "1-0"]
[WhiteElo "2178"]
[BlackElo "2027"]
[PlyCount "103"]
[EventDate "2011.09.18"]
[EventType "team-tourn"]
[EventRounds "9"]
[EventCountry "GER"]
[SourceTitle "EXT 2015"]
[Source "ChessBase"]
[SourceDate "2014.11.20"]
[SourceVersion "1"]
[SourceVersionDate "2014.11.20"]
[SourceQuality "1"]
[WhiteTeam "Bochum SG II"]
[BlackTeam "Emsdetten Turm II"]
[WhiteTeamCountry "GER"]
[BlackTeamCountry "GER"]

1. d4 Nf6 2. Nf3 g6 3. g3 Bg7 4. Bg2 0-0 5. 0-0 d5 6. b3 c5 7. Bb2 cxd4 8. Nxd4 Nc6 9. Nd2 Re8 10. N2f3 Ne4 11. Nxc6 bxc6 12. Bxg7 Kxg7 13. c4 e5 14. Rc1 Bg4 15. Ne1 Qa5 16. Bxe4 dxe4 17. Qc2 Bf5 18. Qb2 Qc5 19. Nc2 Bh3 20. Rfd1 h5 21. b4 Qe7 22. c5 Rad8 23. Ne3 h4 24. Nc4 Rd5 25. Nd6 Rh8 26. Nxe4 hxg3 27. fxg3 Be6 28. Nf2 Qg5 29. e4 Qh5 30. exd5 Qxh2+ 31. Kf1 Bh3+ 32. Ke1 Qxg3 33. Qe2 Bg2 34. Rd3 Rh1+ 35. Kd2 Qf4+ 36. Qe3 Qxb4+ 37. Rdc3 Rh5 38. d6 e4 39. R1c2 Qb1 40. Qd4+ f6 41. d7 Rd5 42. d8Q e3+ 43. Kxe3 Rxd8 44. Qxd8 Qe1+ 45. Re2 Qxc3+ 46. Nd3 Bd5 47. Rh2 Bg8 48. Qd7+ Bf7 49. Qxc6 Qa1 50. Qh1 Qc3 51. Rh7+ Kf8 52. Qa8+ 1-0

[Event "Recklinghaeuser op"]
[Site "Recklinghausen"]
[Date "2011.08.16"]
[Round "2"]
[White "Bischof, Rainer"]
[Black "Topp, Michael"]
[Result "1/2-1/2"]
[WhiteElo "2060"]
[BlackElo "2102"]
[PlyCount "80"]
[EventDate "2011.08.15"]
[EventType "swiss"]
[EventRounds "7"]
[EventCountry "GER"]
[SourceTitle "CBM 144 Extra"]
[Source "ChessBase"]
[SourceDate "2011.10.28"]
[SourceVersion "1"]
[SourceVersionDate "2011.10.28"]
[SourceQuality "1"]

1. e4 d6 2. Nc3 g6 3. d4 Nf6 4. h3 Bg7 5. Nf3 0-0 6. Be3 c6 7. a4 Nbd7 8. Be2 e5 9. dxe5 dxe5 10. Nd2 Qe7 11. Nc4 Rd8 12. Qd6 Bf8 13. 0-0-0 Ne8 14. Qxe7 Bxe7 15. f4 exf4 16. Bxf4 Nc5 17. Rxd8 Bxd8 18. Be3 Be7 19. Rd1 Be6 20. e5 Nd7 21. Nd6 b6 22. Nxe8 Rxe8 23. Bf4 Bf8 24. Bf3 Rc8 25. Ne4 Bg7 26. Nd6 Rd8 27. Bxc6 Nxe5 28. Be4 Rd7 29. Nb5 a6 30. Rxd7 Nxd7 31. Nc7 Bc4 32. Bd5 Bf1 33. Ne8 Nf6 34. Nxf6+ Bxf6 35. Be3 Bd8 36. Kd2 b5 37. axb5 Bxb5 38. c4 Bd7 39. b4 Kf8 40. Kc3 Bc7 1/2-1/2

[Event "Dortmund Sparkassen op-A"]
[Site "Dortmund"]
[Date "2011.07.25"]
[Round "3"]
[White "Topp, Michael"]
[Black "Ditmas, Hugh"]
[Result "1/2-1/2"]
[WhiteElo "2102"]
[BlackElo "1912"]
[PlyCount "113"]
[EventDate "2011.07.23"]
[EventType "swiss"]
[EventRounds "9"]
[EventCountry "GER"]
[SourceTitle "CBM 143 Extra"]
[Source "ChessBase"]
[SourceDate "2011.08.29"]
[SourceVersion "1"]
[SourceVersionDate "2011.08.29"]
[SourceQuality "1"]

1. d4 Nf6 2. c4 e6 3. g3 d5 4. Nf3 c6 5. Bg2 b6 6. 0-0 Be7 7. Qc2 Bb7 8. Rd1 0-0 9. b3 Nbd7 10. Nc3 Qc7 11. Bf4 Bd6 12. Bxd6 Qxd6 13. e4 Nxe4 14. Nxe4 dxe4 15. Qxe4 Qc7 16. Ng5 Nf6 17. Qe5 Qd7 18. c5 h6 19. Nf3 Rfd8 20. Rac1 b5 21. Qe2 Nd5 22. Ne5 Qc7 23. Qh5 a5 24. Bxd5 Rxd5 25. Qf3 Rad8 26. Qe4 Ba6 27. a3 b4 28. axb4 axb4 29. Nc4 Bxc4 30. Rxc4 Rb8 31. Qe1 Qd7 32. f4 f6 33. Qe4 e5 34. fxe5 fxe5 35. Ra1 Rxd4 36. Qxe5 Rd1+ 37. Rxd1 Qxd1+ 38. Kg2 Rd8 39. Qe6+ Kh8 40. Rf4 Qd5+ 41. Qxd5 Rxd5 42. Rxb4 Rxc5 43. Rc4 Rb5 44. b4 Kg8 45. Kf3 Kf7 46. Ke3 Ke7 47. Kd3 Kd6 48. Rg4 g5 49. Rd4+ Ke5 50. Re4+ Kd5 51. h4 c5 52. hxg5 hxg5 53. Rg4 Rxb4 54. Rxg5+ Kd6 55. Rg6+ Kd5 56. Rg5+ Kd6 57. Rg6+ 1/2-1/2

[Event "Dortmund Sparkassen op-A"]
[Site "Dortmund"]
[Date "2011.07.24"]
[Round "2"]
[White "Richters, Marc"]
[Black "Topp, Michael"]
[Result "1-0"]
[WhiteElo "1969"]
[BlackElo "2102"]
[PlyCount "79"]
[EventDate "2011.07.23"]
[EventType "swiss"]
[EventRounds "9"]
[EventCountry "GER"]
[SourceTitle "CBM 143 Extra"]
[Source "ChessBase"]
[SourceDate "2011.08.29"]
[SourceVersion "1"]
[SourceVersionDate "2011.08.29"]
[SourceQuality "1"]

1. e4 d6 2. d4 Nf6 3. Nc3 g6 4. Be3 Bg7 5. Qd2 c6 6. Bh6 Bxh6 7. Qxh6 Qa5 8. 0-0-0 Nbd7 9. Nf3 b5 10. e5 Ng4 11. Qh4 b4 12. exd6 Ndf6 13. Ne4 Qxa2 14. Nxf6+ Nxf6 15. dxe7 Nd5 16. Bd3 Be6 17. Ne5 Nxe7 18. Qf6 Rf8 19. b3 Qa1+ 20. Kd2 Qc3+ 21. Ke2 Nd5 22. Qh4 g5 23. Qxg5 f6 24. Qh6 0-0-0 25. Nf3 Rde8 26. Kf1 c5 27. Qxh7 Re7 28. Qh4 Rg8 29. dxc5 Rg4 30. Qh6 Qxc5 31. h3 Rg8 32. Bc4 Nc3 33. Rd4 Qa5 34. g3 Rge8 35. Qxf6 Kb8 36. Kg2 Bxc4 37. Rxc4 Ne4 38. Qf4+ Ka8 39. Re1 Nc5 40. Rxe7 1-0

[Event "NRW Class1 1011"]
[Site "Germany"]
[Date "2011.03.13"]
[Round "8.6"]
[White "Roski, Ferdinand"]
[Black "Topp, Michael"]
[Result "0-1"]
[WhiteElo "2208"]
[BlackElo "2070"]
[PlyCount "138"]
[EventDate "2010.09.26"]
[EventType "team-tourn"]
[EventRounds "9"]
[EventCountry "GER"]
[SourceTitle "EXT 2012"]
[Source "ChessBase"]
[SourceDate "2011.11.24"]
[SourceVersion "1"]
[SourceVersionDate "2011.11.24"]
[SourceQuality "1"]
[WhiteTeam "Godesberg II"]
[BlackTeam "Emsdetten Turm II"]
[WhiteTeamCountry "GER"]
[BlackTeamCountry "GER"]

1. Nf3 Nf6 2. g3 d5 3. Bg2 c6 4. d3 Bg4 5. Nbd2 Nbd7 6. h3 Bh5 7. g4 Bg6 8. Nh4 e6 9. Nxg6 hxg6 10. e4 Bc5 11. Qe2 Qc7 12. Nf3 dxe4 13. dxe4 e5 14. Bd2 Nf8 15. 0-0-0 Ne6 16. c3 0-0-0 17. Ng5 Nxg5 18. Bxg5 Be7 19. Qc4 Nh7 20. Bxe7 Qxe7 21. Rxd8+ Rxd8 22. h4 g5 23. h5 Qf6 24. Qe2 Nf8 25. Rd1 Ne6 26. Rxd8+ Kxd8 27. Bf1 Nc5 28. Kc2 Ke7 29. Qe3 b6 30. b4 Ne6 31. f3 Qf4 32. Qd3 Qh2+ 33. Kb3 Nc7 34. Be2 Qg1 35. Kb2 Qe1 36. Bd1 Qf2+ 37. Bc2 b5 38. Ka3 Ne6 39. Qd1 Qe3 40. Kb2 Nf4 41. a4 a6 42. axb5 axb5 43. Kb3 f6 44. Qa1 Ne2 45. Bd1 Nd4+ 46. Kb2 Qd2+ 47. Ka3 Nc2+ 48. Bxc2 Qxc2 49. Qe1 Qd3 50. Kb2 Qxf3 51. Qg1 Qe2+ 52. Ka3 Qxe4 53. Qa7+ Kf8 54. h6 gxh6 55. Qb8+ Kg7 56. Qc7+ Kg6 57. Qd7 Qd5 58. Qe8+ Kg7 59. Qe7+ Qf7 60. Qd6 Qe8 61. Qc7+ Kg8 62. Qd6 Kf7 63. Qc7+ Kg6 64. Kb2 Qe6 65. Qd8 e4 66. Kc1 h5 67. gxh5+ Kxh5 68. Qh8+ Kg6 69. Kd2 f5 0-1

[Event "NRW Class2 0910"]
[Site "Germany"]
[Date "2010.03.21"]
[Round "8.6"]
[White "Topp, Michael"]
[Black "Butschek, Marc"]
[Result "0-1"]
[WhiteElo "2089"]
[BlackElo "1841"]
[PlyCount "90"]
[EventDate "2009.09.20"]
[EventType "team-tourn"]
[EventRounds "9"]
[EventCountry "GER"]
[SourceTitle "EXT 2011"]
[Source "ChessBase"]
[SourceDate "2010.11.26"]
[SourceVersion "1"]
[SourceVersionDate "2010.11.26"]
[SourceQuality "1"]
[WhiteTeam "Emsdetten Turm II"]
[BlackTeam "Bochum SG II"]
[WhiteTeamCountry "GER"]
[BlackTeamCountry "GER"]

1. c4 f5 2. g3 Nf6 3. Bg2 g6 4. Nc3 d6 5. Nf3 Bg7 6. 0-0 0-0 7. Rb1 Nc6 8. b4 e5 9. b5 Ne7 10. d3 h6 11. a4 g5 12. c5 Ng6 13. cxd6 cxd6 14. Ba3 Re8 15. b6 a6 16. Nd2 d5 17. Nb3 Bf8 18. Bxf8 Nxf8 19. Nc5 Ne6 20. Nxe6 Bxe6 21. d4 e4 22. a5 Rc8 23. Rc1 Qd6 24. f3 Qb4 25. Qa4 Rc4 26. Qxb4 Rxb4 27. fxe4 dxe4 28. d5 Bd7 29. h3 h5 30. Rfd1 Re5 31. e3 Rc4 32. Bf1 Rc5 33. h4 gxh4 34. gxh4 Rxa5 35. Be2 Kg7 36. Rd4 Rc5 37. Kh2 Ng4+ 38. Kg3 Re8 39. Kf4 Rec8 40. Bxa6 bxa6 41. Rb4 Nf2 42. Nxe4 Nd3+ 43. Kg5 Rxc1 44. b7 Rg1+ 45. Kxh5 Rh8# 0-1

[Event "NRW Class2 0809"]
[Site "Germany"]
[Date "2009.03.22"]
[Round "8.5"]
[White "Topp, Michael"]
[Black "Bornemann, Michael"]
[Result "0-1"]
[WhiteElo "2084"]
[BlackElo "2159"]
[PlyCount "80"]
[EventDate "2008.09.21"]
[EventType "team-tourn"]
[EventRounds "9"]
[EventCountry "GER"]
[SourceTitle "EXT 2010"]
[Source "ChessBase"]
[SourceDate "2010.11.25"]
[SourceVersion "1"]
[SourceVersionDate "2010.11.25"]
[SourceQuality "1"]
[WhiteTeam "Emsdetten II"]
[BlackTeam "Hagen"]
[WhiteTeamCountry "GER"]
[BlackTeamCountry "GER"]

1. c4 e6 2. g3 Nf6 3. Bg2 d5 4. Nf3 c6 5. 0-0 Nbd7 6. d4 Be7 7. Qc2 0-0 8. b3 Ne4 9. Nc3 f5 10. Rb1 Qa5 11. Bb2 b5 12. a4 b4 13. Nxe4 fxe4 14. Ne5 Nxe5 15. dxe5 Qb6 16. Rbd1 Bb7 17. Bh3 c5 18. Bc1 Rae8 19. f3 dxc4 20. Qxc4 exf3 21. Qxe6+ Qxe6 22. Bxe6+ Kh8 23. exf3 Bxf3 24. Rde1 Bc6 25. Bc4 h6 26. Be3 g5 27. Bc1 Rd8 28. Rxf8+ Rxf8 29. Bb2 Kg7 30. e6+ Bf6 31. Bxf6+ Kxf6 32. Rf1+ Ke7 33. Rf7+ Rxf7 34. exf7 Be4 35. Kf2 Bg6 36. Ke3 Bxf7 37. Kd3 Bxc4+ 38. Kxc4 Kd6 39. g4 Kc6 40. h3 a5 0-1

[Event "NRW Class2 0708"]
[Site "Germany"]
[Date "2008.04.27"]
[Round "9.6"]
[White "Niermann, Rainer"]
[Black "Topp, Michael"]
[Result "1/2-1/2"]
[WhiteElo "2125"]
[BlackElo "2105"]
[PlyCount "79"]
[EventDate "2007.09.16"]
[EventType "team"]
[EventRounds "9"]
[EventCountry "GER"]
[SourceTitle "EXT 2009"]
[Source "ChessBase"]
[SourceDate "2008.11.26"]
[SourceVersion "1"]
[SourceVersionDate "2008.11.26"]
[SourceQuality "1"]
[WhiteTeam "Muenster II"]
[BlackTeam "Emsdetten II"]
[WhiteTeamCountry "GER"]
[BlackTeamCountry "GER"]

1. e4 d6 2. d4 Nf6 3. Nc3 g6 4. f4 Bg7 5. Nf3 c5 6. e5 Nfd7 7. exd6 0-0 8. dxe7 Qxe7+ 9. Qe2 Re8 10. Qxe7 Rxe7+ 11. Kf2 Nf6 12. dxc5 Nbd7 13. Bc4 Nxc5 14. Re1 Ng4+ 15. Kg3 Rxe1 16. Nxe1 Bxc3 17. bxc3 Ne4+ 18. Kf3 Bf5 19. h3 Ngf6 20. Bd3 h5 21. Be3 Re8 22. Bxa7 Bd7 23. Bxe4 Rxe4 24. Nd3 Bc6 25. Kf2 Nd5 26. Bd4 Nxf4 27. Nxf4 Rxf4+ 28. Kg1 Re4 29. Rf1 Bb5 30. Rf6 Re1+ 31. Kh2 Bc6 32. Rd6 Kf8 33. Bf6 Re2 34. Rd8+ Re8 35. c4 Rxd8 36. Bxd8 Ke8 37. Bf6 Bd7 38. c5 Be6 39. a3 Kd7 40. Bc3 1/2-1/2

[Event "NRW Class2 0708"]
[Site "Germany"]
[Date "2008.01.13"]
[Round "5.7"]
[White "Topp, Michael"]
[Black "Gueroff, Eduard"]
[Result "0-1"]
[WhiteElo "2105"]
[BlackElo "2265"]
[PlyCount "56"]
[EventDate "2007.09.16"]
[EventType "team"]
[EventRounds "9"]
[EventCountry "GER"]
[SourceTitle "EXT 2009"]
[Source "ChessBase"]
[SourceDate "2008.11.26"]
[SourceVersion "1"]
[SourceVersionDate "2008.11.26"]
[SourceQuality "1"]
[WhiteTeam "Emsdetten II"]
[BlackTeam "Bochum II"]
[WhiteTeamCountry "GER"]
[BlackTeamCountry "GER"]

1. c4 Nf6 2. g3 c6 3. Bg2 d5 4. Nf3 Bg4 5. cxd5 cxd5 6. Qb3 Qc8 7. Nc3 e6 8. d3 Nc6 9. 0-0 Be7 10. Bf4 0-0 11. Ne5 Nxe5 12. Bxe5 Nd7 13. d4 Nxe5 14. dxe5 Qc7 15. e4 d4 16. Nb5 Qxe5 17. f4 Qc5 18. Rfc1 Qb6 19. Qd3 a6 20. Na3 Qxb2 21. Nc4 Qe2 22. Qxd4 Rfd8 23. Qb6 Rac8 24. Bf1 Qxe4 25. Ne5 Bc5+ 26. Rxc5 Qd4+ 27. Kg2 Rxc5 28. Qxb7 Rxe5 0-1

[Event "Muensterland op 25th"]
[Site "Senden"]
[Date "2007.10.04"]
[Round "7"]
[White "Schulze, Ulrich"]
[Black "Topp, Michael"]
[Result "1-0"]
[WhiteElo "2309"]
[BlackElo "2105"]
[PlyCount "61"]
[EventDate "2007.09.29"]
[EventType "swiss"]
[EventRounds "9"]
[EventCountry "GER"]
[SourceTitle "EXT 2008"]
[Source "ChessBase"]
[SourceDate "2007.11.25"]
[SourceVersion "1"]
[SourceVersionDate "2007.11.25"]
[SourceQuality "1"]

1. d4 Nf6 2. Nf3 e6 3. c4 b6 4. g3 Ba6 5. b3 b5 6. cxb5 Bxb5 7. Bg2 Bb4+ 8. Bd2 a5 9. Nc3 Bc6 10. a3 Bxc3 11. Bxc3 0-0 12. 0-0 Qc8 13. Qc2 Be4 14. Qb2 Nd5 15. Nd2 Bxg2 16. Kxg2 Qb7 17. e4 Nxc3 18. Qxc3 Rc8 19. Rfc1 Nc6 20. Rc2 Ra6 21. Rac1 Rb6 22. Kg1 Rb5 23. Qd3 Qb6 24. Rc4 Qb8 25. Kg2 e5 26. d5 Nd4 27. R1c3 c5 28. a4 Rb4 29. Rxc5 Rxc5 30. Rxc5 Nxb3 31. Nxb3 1-0

[Event "NRW Class2 0506"]
[Site "Germany"]
[Date "2006.04.02"]
[Round "8.2"]
[White "Ratkovitch, Dimitri"]
[Black "Topp, Michael"]
[Result "1/2-1/2"]
[WhiteElo "2083"]
[BlackElo "2104"]
[PlyCount "27"]
[EventDate "2005.09.25"]
[EventType "team"]
[EventRounds "9"]
[EventCountry "GER"]
[SourceTitle "EXT 2006"]
[Source "ChessBase"]
[SourceDate "2005.11.24"]
[SourceVersion "1"]
[SourceVersionDate "2005.11.24"]
[SourceQuality "1"]
[WhiteTeam "Bochum 31 II"]
[BlackTeam "Emsdetten Turm II"]
[WhiteTeamCountry "GER"]
[BlackTeamCountry "GER"]

1. e4 d6 2. d4 Nf6 3. Nc3 g6 4. Be3 c6 5. Qd2 b5 6. f3 Nbd7 7. 0-0-0 Bb7 8. Bd3 Bg7 9. Bh6 Bxh6 10. Qxh6 b4 11. Nce2 Qa5 12. Kb1 0-0-0 13. Qe3 Qb6 14. Qd2 1/2-1/2

[Event "NRW Class2 0506"]
[Site "Germany"]
[Date "2006.01.08"]
[Round "5.7"]
[White "Topp, Michael"]
[Black "Beckmann, Frank"]
[Result "1/2-1/2"]
[WhiteElo "2104"]
[BlackElo "2119"]
[PlyCount "139"]
[EventDate "2005.09.25"]
[EventType "team"]
[EventRounds "9"]
[EventCountry "GER"]
[SourceTitle "EXT 2006"]
[Source "ChessBase"]
[SourceDate "2005.11.24"]
[SourceVersion "1"]
[SourceVersionDate "2005.11.24"]
[SourceQuality "1"]
[WhiteTeam "Emsdetten Turm II"]
[BlackTeam "Wattenscheid II"]
[WhiteTeamCountry "GER"]
[BlackTeamCountry "GER"]

1. c4 Nf6 2. g3 e5 3. Bg2 d5 4. cxd5 Nxd5 5. Nc3 Nb6 6. Nf3 Nc6 7. 0-0 Be7 8. Rb1 0-0 9. b4 Bf5 10. b5 Nd4 11. d3 Nxf3+ 12. Bxf3 Rb8 13. Be3 Bh3 14. Re1 f5 15. Qb3+ Kh8 16. Na4 f4 17. Bc5 Bd6 18. Rec1 Rf6 19. Rc2 Qf8 20. Bxd6 cxd6 21. Nxb6 axb6 22. Rbc1 fxg3 23. fxg3 Rd8 24. Qd5 Be6 25. Qxb7 d5 26. Bg2 Bg4 27. h3 Be6 28. Rc6 e4 29. Qxb6 Re8 30. Qc5 Qf7 31. dxe4 dxe4 32. b6 Rf8 33. g4 Rf2 34. Rc7 Qf4 35. Qd4 Qh6 36. Qxe4 Bxa2 37. Rc8 Qxb6 38. e3 R2f6 39. Rxf8+ Rxf8 40. Rf1 Rxf1+ 41. Bxf1 Qb8 42. Bg2 Bg8 43. Kf2 Qb2+ 44. Kg3 Qb8+ 45. Qf4 Qb3 46. g5 Qe6 47. Be4 Qb3 48. h4 Bf7 49. Bc2 Qa2 50. Qf5 g6 51. Qf6+ Kg8 52. Qd8+ Kg7 53. Bd3 Qb3 54. Qd4+ Kg8 55. Be2 Qb8+ 56. Qf4 Qb3 57. Bf3 Qb1 58. Bg2 Qb3 59. Kh2 Qa2 60. e4 Qb3 61. e5 Qa2 62. Qe4 Qb3 63. Bf3 Qa2+ 64. Kg3 Qb3 65. Qa8+ Kg7 66. Qb7 Qe6 67. Qc7 Qb3 68. Qd8 Qa2 69. Qf6+ Kg8 70. Qd8+ 1/2-1/2

[Event "NRW Class2 0506"]
[Site "Germany"]
[Date "2005.11.06"]
[Round "3.6"]
[White "Pragua, Christoph P"]
[Black "Topp, Michael"]
[Result "1/2-1/2"]
[WhiteElo "2126"]
[BlackElo "2104"]
[PlyCount "111"]
[EventDate "2005.09.25"]
[EventType "team"]
[EventRounds "9"]
[EventCountry "GER"]
[SourceTitle "EXT 2006"]
[Source "ChessBase"]
[SourceDate "2005.11.24"]
[SourceVersion "1"]
[SourceVersionDate "2005.11.24"]
[SourceQuality "1"]
[WhiteTeam "Koeln SF II"]
[BlackTeam "Emsdetten Turm II"]
[WhiteTeamCountry "GER"]
[BlackTeamCountry "GER"]

1. d4 Nf6 2. c4 e6 3. Nc3 Bb4 4. Qc2 0-0 5. a3 Bxc3+ 6. Qxc3 Ne4 7. Qc2 f5 8. g3 b6 9. Bg2 Bb7 10. Nf3 Nf6 11. 0-0 d6 12. b4 Be4 13. Qc3 Nbd7 14. Bb2 b5 15. cxb5 Nd5 16. Qb3 N7f6 17. Nd2 Bxg2 18. Kxg2 Qe8 19. Qd3 Rb8 20. Rae1 Qxb5 21. Qxb5 Rxb5 22. Nc4 Nb6 23. Na5 Ne4 24. Rc1 Nd5 25. Nc4 Rd8 26. Rfd1 Rd7 27. f3 Nef6 28. Kf2 c5 29. dxc5 dxc5 30. Ne5 Rdb7 31. Rc4 Kf8 32. e4 fxe4 33. fxe4 Nc7 34. Rd8+ Nce8 35. Bc3 Rb8 36. Rxb8 Rxb8 37. bxc5 Rc8 38. Bb4 Kg8 39. Ke3 Nc7 40. g4 h6 41. h3 Na6 42. c6 Nb8 43. h4 h5 44. gxh5 Kh7 45. h6 Kxh6 46. c7 Na6 47. Ba5 Ne8 48. Rc6 Naxc7 49. Bxc7 Rxc7 50. Rxe6+ Nf6 51. Ra6 Kh5 52. Nc6 Kxh4 53. Nxa7 Re7 54. Ra4 Kg3 55. Nc6 Re6 56. Rc4 1/2-1/2